000 00602nam a2200181 4500
001 144313
003 ES-MaACL
005 20230906201006.0
007 t|
008 070214s1926 ve r ||||1| spa d
100 1 _aSifontes, Ernesto.
_9106298
245 1 3 _aEl Orinoco
_b: un año de vida de nuestra gran arteria fluvial, 1925 : orinocografías Guayanesas /
_cErnesto Sifontes.
260 _aCaracas :
_bLit. y Tip. del Comercio,
_c1925.
300 _a50 p. ;
_c23 cm.
500 _aPrecede al tít.: Hidrología venezolana.
740 0 _aHidrología venezolana.
852 _aES-MaACL
_j1705-F-15
999 _c144313
_d144313